000 03942nam a2200445 4500
003 OSt
005 20260505064148.0
008 260504b |||||||| |||| 00| 0 aze d
020 _a9952418504
040 _aAZ-XaKU
_baze
_cAZ-XaKU
041 0 _aaze
050 1 4 _aPL314 .F9899 .W89256 2005
100 1 _aFüzuli, Məhəmməd,
_cşair, mütəfəkkir və filosof,
_d1494-1556,
_emüəllif
245 1 0 _aƏsərləri
_b: Altı cilddə
_c / Məhəmməd Füzuli ; tərtib edəni Həmid Araslı ; redaktoru Teymur Kərimli ; buraxılışa məsul Əziz Güləliyev ; texniki redaktor Rövşən Ağayev ; tərtibatçı-rəssam Nərgiz Əliyeva ; kompüter səhifələyicisi Rəvan Mürsəlov ; korrektor Pərvanə Məmmədova
_nI cild
250 _aTəkrar nəşr
264 _aBakı :
_bŞərq-Qərb nəşriyyatı ,
_c2005.
300 _a399, [1] səhifə ;
_c22 sm.
336 _atext
_btxt
_2rdacontent
337 _aunmediated
_bn
_2rdamedia
338 _avolume
_bnc
_2rdacarrier
490 1 _aKlassik Azərbaycan ədəbiyyatı
500 _aAzərbaycan Respublikasının Prezidenti İlham Əliyevin "Azərbaycan dilində latın qrafikası ilə kütləvi nəşrlərin həyata keçirilməsi haqqında" 12 yanvar 2004-cü il tarixli sərəncamı ilə nəşr olunur və ölkə kitabxanalarına hədiyyə edilir.
500 _aBu kitab "Məhəmməd Füzuli. Əsərləri. Altı cilddə. I cild" (Bakı, "Azərbaycan" nəşriyyatı, 1996) nəşri əsasında təkrar nəşrə hazırlanmışdır.
500 _aLüğət : s. 383-391.
500 _aƏlavə : s. 380-382.
500 _aSətiraltı qeyd.
505 0 _aFüzuli "Divan" ının nəşri haqqında (Həmid Araslı) -- Füzulinin sözünün sehri (Samət Əlizadə) -- Füzulinin divanının dibaçəsi -- Tərcibəndlər, tərkibbəndlər, müxəmməs, təxmis və mürəbbelər -- Qitələr -- Rübailər.
520 0 _aAzərbaycan-türk şerinin tacidarı Məhəmməd Füzuli Şərq xalqlarının ədəbiyyatına qüvvətli təsir göstərən dahi bir sənətkardır. Xaqani, Nizami, Rumi, Nəsimi, Yunus Əmrə, Nəvai kimi ölməz şairlər sırasında əzəmətlə dayanan Füzulinin şerimizdə yeri ucalardan ucadır. Yaxın və Orta Şərq ölkə-lərinin heç birində ondan sonra onun səviyyəsində şair yetişməmişdir. Bu gün də şerin dan yerində Füzuli ahından əbədi şam yanır!.. Əsil şairlər hələ də ilham çırağını bu ahın, bu şamın odundan yandırırlar. Füzulinin adı da ilahi haləyə bürünən və İslamda müqəddəs sayılan imzadan götürülübdür - Məhəmməd; hətta doğulduğu yer dünyada ən böyük ziya-rət ünvanlarından biridir - Kərbəla. Qəbri də İmam Hüseyn türbəsindədi. Eşq beşiyində paklıqla tərbiyələnən, sözün fəlsəfi mənasında məhəbbət və dinin, dünya miqyasında bənzərsiz bir eşq təliminin banisi filosofu və şairi olan Füzuli bütün dövrlərin ən böyük "aşiq"idir. "Əsərləri"nin təqdim olunan birinci cildi XVI əsrin bütün Yaxın və Orta Şərqində bədii ənənədə təşəkkül tapan ümumi, vahid türk dili məkanının bu böyük müəllifinin azərbaycanca olan lirik irsini əhatə edir. Füzuli ana dilində yaratmış olduğu bu "Divan" boyu şairliyindən yox, aşiqliyindən bəhs açır, böyük sələflərini şairlərin deyil, aşiqlərin arasında tapır.
650 7 _2AZ-XaKU
_aBədii ədəbiyyat
_xAzərbaycan ədəbiyyatı
_y15-16-cı əsr.
700 1 _aAraslı, Həmid,
_etərtib edəni.
700 1 _aKərimli, Teymur,
_eredaktor.
700 1 _aGüləliyev, Əziz,
_eburaxılışa məsul.
700 1 _aAğayev, Rövşən,
_etexniki redaktor.
700 1 _aƏliyeva, Nərgiz,
_etərtibatçı-rəssam.
700 1 _aMürsəlov, Rəvan,
_ekompüter səhifələyicisi.
700 1 _aMəmmədova, Pərvanə,
_ekorrektor.
830 0 _aKlassik Azərbaycan ədəbiyyatı
942 _cBOOK
999 _c348
_d348